000 01090naa a22002897a 4500
001 BR7801197
003 BR-BrBNA
005 20250721155544.0
007 ta
008 250630b bl.|||m| |||| 00| 0 por d
040 _aBR-BrBNA
_bpor
_cBiblioteca Nacional de Agricultura
041 _a(Pt)
072 _aA50
090 _aA50 BR7801197
100 1 _aGoedert, W.J.
100 1 _aBlumenschein, A.
111 1 _a4. Simposio sobre o Cerrado
_cBrasilia, DF (Brazil)
_d21 Jun 1976
245 1 _aPesquisa agropecuaria nos cerrados
500 _a4. Simposio sobre o Cerrado: bases para utilizacao agropecuaria Ferri, M.G.(ed.) Belo Horizonte, MG (Brasil): Ed. Itatiaia, 1977. p. 85-87 [Summary (En)] (BR7801197-AMS)
773 0 _t4. Simposio sobre o Cerrado: bases para utilizacao agropecuaria
_aFerri, M.G.(ed.)
_wA50 BR7801197
_gBelo Horizonte, MG (Brasil), 1977. p. 85-87
650 _aPesquisa Agricola
650 _aPesquisa Pecuaria
650 _aCerrado
490 _aReconquista do Brasil (Brazil)
_vno. 38
942 _cAMS
_2AGRIS
909 _a202506
_bLúcia
_c55
_dLúcia Elande
999 _c337212
_d337212